Advanced calculus

Gespeichert in:
Bibliographische Detailangaben
1. Verfasser: Wilfred Kaplan
Format: Buch
Sprache:Undetermined
Veröffentlicht: Reading, Massachusetts Addison-Wesley 1991
Schlagworte:
Tags: Tag hinzufügen
Keine Tags, Fügen Sie den ersten Tag hinzu!
Thư viện lưu trữ: Trung tâm Học liệu Trường Đại học Cần Thơ
LEADER 00487nam a2200193Ia 4500
001 CTU_22591
008 210402s9999 xx 000 0 und d
020 |b 119.5 
082 |a 515 
082 |b K17 
100 |a Wilfred Kaplan 
245 0 |a Advanced calculus 
245 0 |c Wilfred Kaplan 
260 |a Reading, Massachusetts 
260 |b Addison-Wesley 
260 |c 1991 
650 |a calculus 
904 |i Minh, 980519 
980 |a Trung tâm Học liệu Trường Đại học Cần Thơ